| 000 | 01626nas a22002894a 4500 | ||
|---|---|---|---|
| 007 | ta | ||
| 008 | 180427b20141996mx mu|p| |||| 00| 0 spa d | ||
| 017 | _a04-2010-090816083700-102 | ||
| 022 | _a18709397 | ||
| 040 |
_aULSAOAX _cULSAOAX _dULSAOAX |
||
| 041 | 0 | _aspa | |
| 050 | 1 | 4 |
_aREV _bMEXDESE |
| 110 | 2 |
_aImpresiones Aéreas _918392 |
|
| 245 | 0 | 0 |
_aMéxico Desconocido Guía Especial / _cImpresiones Aéreas S.A. de C.V. |
| 260 | 3 |
_aMéxico : _bImpresiones Aéreas S.A. de C.V. |
|
| 300 |
_bfotos; ilustraciones ; _c27.5 cm. |
||
| 310 | _aMensual. | ||
| 504 | _aIncluye referencias bibliográficas | ||
| 520 | 1 | _aDescubre México y sus destinos: ciudades, pueblos mágicos, playas, zonas arqueológicas, gastronomía y cultura. México Desconocido, con más de 40 años, ha sido pionero en reconocer y transmitir la riqueza inabarcable que tiene el país y que está ahí para ser descubierta. El amor por lo propio no es una moda: es identidad y nuestras plumas (Armando Vega-Gil, Carlos Lazcano, Gustavo Vela, Alfredo Martínez, Jimena Acevedo) y lentes (Claudio Contreras-Koob, Sergio Tapiro, Roberto Pedraza, Rodrigo Cruz) orientan, conmueven, transmiten la risa, informan con precisión y recomiendan lo más auténtico para que tu próximo viaje te cambie la vida, la tuya y la de tus anfitriones. | |
| 650 | 1 |
_aTurismo _zMéxico. _96351 |
|
| 650 | 1 | 0 |
_aTurismo _xAventura _920741 |
| 650 | 1 | 0 |
_aTurismo _xDestinos turísticos _920733 |
| 650 | 1 | 0 |
_aTurismo _xGastronomia _920935 |
| 700 | 1 |
_aSantos, Prun, _eeditor _920744 |
|
| 856 | 4 | 0 |
_3Sitio de la Revista _uhttps://www.mexicodesconocido.com.mx/ |
| 942 |
_2lcc _cREV |
||
| 999 |
_c20041 _d20041 |
||